Responses for show #6872 - Tuesday, July 1, 2014

Contestants

Howard Ray, a laser applications engineer from East Longmeadow, Massachusetts

Shloka Ananthanarayanan, a compliance analyst from New York, New York

Jill Rowley, a flight attendant from Baltimore, Maryland (whose 2-day cash winnings total $43,802)

Jeopardy! Round responses

WORLD HERSTORY
BAND OF BROTHERS
CHARLESTON CHOOSY
DOGGING THE "WAG"
SUGAR LAND
INCREDIBLE MACHINE
    $200 1
India

Shloka
    $200 11
98 Degrees

Shloka
    $200 17
South Carolina

Jill
    $200 6
(Jill: What is a wagon?)
(Alex: Be more specific.)
(Jill: What is [*]?)

a bandwagon

Jill
    $200 22
a spoonful

Shloka
    $200 15
the Concorde

Shloka
    $400 2
Catherine the Great

Howard
    $400 3
Hanson

Howard
    $400 18
George Washington

Howard
    $400 7
Wagnalls

Howard
    $400 23
Mayor Bloomberg

Howard
    $400 16
Auto-Tune

Jill
    $600 12
(Mary) Shelley

Shloka
    $600 4
The Kinks

Howard
    $600 28
(Howard: What is Raleigh?)

Columbia

JillHoward
    $600 8
swag

Jill
    $600 24
lactose

Howard
    $600 19
a DVR

Howard
    $800 13
Betsy Ross

Howard
    $800 5
Arcade Fire

Triple Stumper
    $800 29
Fort Sumter

Jill
    $800 9
Volkswagen

Shloka
    $800 25
the Superdome

Howard
    $800 20
birth

Howard
    $1000 14
Nancy Astor (Lady Astor)

Triple Stumper
    $1000 27
Creedence Clearwater Revival

Howard
    $2,800 30
The Citadel

Jill
    $1000 10
a scalawag

Triple Stumper
    $1000 26
Sugarloaf

Howard
    $1000 21
Tesla

Howard

Scores at the first commercial break (after clue 15):

Jill Shloka Howard
$800 $2,000 $2,600

Scores at the end of the Jeopardy! Round:

Jill Shloka Howard
$5,600 $2,200 $8,600

Double Jeopardy! Round responses

3-NAMED AUTHORS
BEASTLY VOCABULARY
"P"LACES
THAT'S SPOOKY
ANCIENT SCIENCE
(Alex: A category about funny Canadians called...)
CANYUCKS
    $400 1
Laura Ingalls Wilder

Howard
    $400 25
a quill

Howard
    $400 24
Port-au-Prince

Howard
    $400 30
the White House

Howard
    $400 12
a compass

Howard
    $400 7
Jim Carrey

Shloka
    $800 3
Perry Mason

Shloka
    $800 2
a wolf

Shloka
    $800 20
Punjab

Shloka
    $800 26
Medusa

Shloka
    $800 13
(distance to) the moon

Howard
    $800 8
Dan Aykroyd

Howard
    $1200 4
Edgar Lee Masters

Triple Stumper
    $1200 17
a catsuit

Shloka
    $1200 21
Perth

Shloka
    $1200 27
The Sixth Sense

Howard
    $3,000 14
atoms

Howard
    $1200 9
Starbucks

Shloka
    $1600 5
Joyce Carol Oates

Jill
    $1600 18
they have been polled

Howard
    $5,000 22
Prudhoe Bay

Shloka
    $1600 28
Area 51

Howard
    $1600 15
(Shloka: Who is Socrates?)

Aristotle

JillShloka
    $1600 10
Arrested Development

Shloka
    $2000 6
(Alex: Jill, you knew that but you didn't ring in.)

Isaac Bashevis Singer

Triple Stumper
    $2000 19
a turkey

Jill
    $2000 23
Palau

Shloka
    $2000 29
Cromwell

Shloka
    $2000 16
Ptolemy

Triple Stumper
    $2000 11
(Jill: Who is Dana... Carver?

Mike Myers

JillShloka

Scores at the end of the Double Jeopardy! Round:

Jill Shloka Howard
$8,800 $20,400 $19,600

[wagering suggestions for these scores]

Final Jeopardy! Round responses

THE DECLARATION OF INDEPENDENCE
JillWhat are to be s...?
$2,000
HowardWHAT IS 'UNITED STATES OF AMERICA'?
$10,600
ShlokaWhat is the bill of rights?
$20,000
"United States of America"

Final scores:

Jill Shloka Howard
$6,800 $400 $30,200
2nd place: $2,000 3rd place: $1,000 New champion: $30,200

Game dynamics:

Coryat scores:

Jill Shloka Howard
$7,000 $17,000 $17,800
10 R
(including 1 DD),
1 W
19 R
(including 1 DD),
1 W
25 R
(including 1 DD),
1 W

Combined Coryat: $41,800

The J! Archive is created by fans, for fans. The Jeopardy! game show and all elements thereof, including but not limited to copyright and trademark thereto, are the property of Jeopardy Productions, Inc. and are protected under law. This website is not affiliated with, sponsored by, or operated by Jeopardy Productions, Inc. Join the discussion at JBoard.tv.